[Event "Test Match"]
[Site "?"]
[Date "2012.05.21"]
[Round "?"]
[White "Sykes, N."]
[Black "Edwards, C."]
[Result "1/2-1/2"]
[WhiteElo "147"]
[BlackElo "149"]
[Annotator "Intermezzo"]
[PlyCount "72"]
[EventDate "2012.??.??"]
[WhiteTeam "Hebden Bridge"]
[BlackTeam "Burnley"]

1. e4 c5 2. Nf3 e6 3. d4 cxd4 4. Nxd4 a6 5. Nc3 Qc7 6. Be2 Nc6 7. Be3 d6 8. O-O
Nf6 9. f4 Bd7 10. Nb3 Be7 11. a4 Na5 {Formally this is the first departure
from the opening database. 11...b6 is probably the most frequently played here
as Black aims to prevent White from getting in a5 and then possibly landing a
bishop or knight on b6. Usually this Black knight would be destined for b4
either immediately or sometime soon.} 12. Nxa5 Qxa5 13. Bf3 Bc6 14. Kh1 Qc7 15.
Qe1 h5 16. a5 Nd7 17. Qg3 g5 {This appears to be over ambitious. Fritz prefers
instead} (17... Bf6 18. Rfd1 h4 19. Qh3 Rc8 20. Rd2 {With some complex play.})
18. fxg5 h4 19. Qf2 O-O-O 20. Na4 {Heading for the soft spot on b6.} Rdg8 21.
Nb6+ Nxb6 22. Bxb6 Qd7 23. h3 Rxg5 {The game hangs in the balance. Black has
managed to create king's side counter play. White has to play carefully.} 24.
Rad1 Rg3 25. Qe1 e5 26. Rd2 Bg5 {White is temporarily on the back foot and
hoping to drive Black back. Perhaps there was a better way to pursuit the
initiative by breaking open the centre with} (26... f5 {although now Fritz
thiinks that} 27. Rd3 Rhg8 28. Rc3 Kb8 {and the game is still finely balanced.}
) 27. Be3 Rg8 28. Bxg5 R8xg5 29. Qd1 Kc7 30. Bg4 R5xg4 31. hxg4 Rxg4 $2 {
Having correctly sacrificed the exchange unfortunately Black doesn't find the
best follow up.} (31... Bxe4 {creating counter threats against the White king}
32. Rf6 d5 33. Kh2 Rxg4 {and the game is still dynamic and unbalanced, but
equal.}) 32. Rxf7 {Enough to secure a clear advantage in the endgame but even
better was} (32. Rxd6 $1 Qxd6 ({Not} 32... Qe8 33. Rxc6+ Kxc6 34. Qd5+ Kc7 35.
Rxf7+ {and Black must give up the queen or get mated.}) 33. Rxf7+ Qd7 34. Rxd7+
Bxd7 {wins for White.}) 32... Qxf7 33. Qxg4 Qf1+ 34. Kh2 Qf4+ {Black was in
time trouble here and probably losing anyway but swapping the queens off
doesn't really help him.} 35. Qxf4 exf4 36. Rd4 Bd7 {After a discussion with
his Captain, Nick offered a draw here and Colin gladly accepted. With all the
other games over this one could have lingered on for a good while yet and it
seemed a little over enthusiastic to pursuit the match win too strenuously. It
was a friendly after all. If White did want to win then I guess that a move
like 37.Rd1 intending Rf1 and clearing up the f-pawn would be a good way to
start. Black can't prevent White from sweeping up those two king's side pawns
and after that it should be fairly straightforward.} 1/2-1/2